Rhymes With Bread - Statistics

General Stats
  • This quiz has been taken 917 times
    764 since last reset
  • The average score is 21 of 24
Answer Stats
Hint Answer % Correct
R Read
99%
H Head
97%
D Dead
96%
R Red
96%
B Bed
95%
F Fed
94%
L Lead
94%
W Wed
94%
L Led
93%
S Said
93%
Z Zed
92%
D Dread
90%
T Tread
90%
S Sled
87%
S Stead
86%
B Bled
85%
F Fled
85%
S Shed
85%
B Bred
83%
S Sped
82%
P Pled
80%
T Thread
73%
S Spread
64%
S Shred
63%
No matching quizzes found
Score Distribution
Percent of People with Each Score
Percentile by Number Answered
Your Score History
You have not taken this quiz since the last reset